000 02236cam a22005054i 4500
003 PE-LiUPU
005 20250731172948.0
008 150623s r 000 0 d
020 _a080062596X
035 _a(Sirsi) i9780800625962
040 _aPE-LiUPU
_bspa
_cPE-LiUPU
_erda
049 _aPRUA
082 0 4 _a296.3
_bW423s
_223
100 1 _aWeinfeld, Moshe,
_eautor.
245 1 0 _aSocial justice in ancient Israel and in the ancient near east /
_cpor Moshe Weinfeld.
264 1 _aJerusalem :
_bThe Magnes Press, The Hebrew University,
_c1995.
300 _a300 páginas ;
_c23 centímetros.
336 _atext
_2rdacontent
337 _aunmediated
_2rdamedia
338 _avolume
_2rdacarrier
504 _aIncluye bibliografía.
505 0 _aJustice and righteousness. -Justice and righteousness as the task of the king. -Proclamations of "freedom" in Mesopotamia and their reflections in ancient Israel. -Privileges and freedoms for temple cities. -Rigths and freedoms of estates and individuals. -Proclamations of "freedom" in Egypt, Persia and Greece. -Sabbatical year and Jubilee in the Pentateuchal laws and their ancient Near Eastern background. -God who establishes equity and performs righteous justice. -Justice and righteousness as the task of the individual. -The Israelites as servants of Yhwh, and the land of Isarel as the land of Yhwh: on the nature of the judicial pattern.
526 _aSEG42
526 _aSEG41
526 _aSEG40
526 _aSEG39
526 _aP94
526 _aP87
526 _aP86
526 _aP85
526 _aP77
526 _aP76
526 _aP35
630 _aBiblia.
_pA.T.
_xTeología
650 0 4 _aJusticia social
_xEnseñanza Bíblica.
650 0 4 _aJusticia
_xEnseñanza Bíblica.
650 0 4 _aLiteratura mediooriental
_xRelación con el Antiguo Testamento.
650 0 4 _aSociología en la Biblia.
650 0 4 _aSociología
_zOriente Medio.
651 _aOriente cercano
_xCivilización
_yA 622.
942 _2ddc
_cBK
_n0
949 _a296.3 W423s
_wDEWEY
_c1
_i44829
_lCCODEBUL1
_mBUL
_r0
_sY
_tBOOK
_u2015-6-24
_xTEOLOGIA
_0COMPRA
_o.STAFF. Colección General
980 _81
_gALBERTO SANCHEZ Responsable de Automatización
999 _c21701
_d21701